00893nam a22002417a 4500999001700000003000900017008004100026040007100067082002500138100001900163245006700182260003800249300002800287440004000315505003300355650002900388650002100417650001700438700005400455942001600509945002100525952010500546 c12054d12054AR-CdUCM190405b ||||| |||| 00| 0 spa d aMUNICIPALIDAD PROVINCIAL DEL CUSCOcBIBLIOTECA MUNICIPAL DEL CUSCO a375.57 /bG82 / 1931 aGrigorieva, R. aDiario de una maestra rusa :bla vida escolar de los Soviets / aMadrid :bEditorial Genit,c1931. a258 páginas ;c17 cm. aColección "Critica social"929715 aContenido: Educación Rusa. a Educación Rusa929716 aEducadores91065 aDiarios9810 aSalas de Lifchuz, Piedad de (traducción)929717 2ddccLIBROS adavvd05/04/2019 002ddc4070aSCAbSCAcCARTd2019-04-05g30.00o375.57 / G82 / 1931pSCA0001754r2019-04-05yLIBROS